ARRUPE JESUIT UNIVERSITY

CORONAVIRUS -STOP THE SPREAD - CLEAN,DISINFECT,COVER

The Words of peace : (Record no. 119849)

MARC details
000 -LEADER
fixed length control field 00945cam a2200289 a 4500
001 - CONTROL NUMBER
control field 2468390
003 - CONTROL NUMBER IDENTIFIER
control field ARRUPE
005 - DATE AND TIME OF LATEST TRANSACTION
control field 20140131141742.0
008 - FIXED-LENGTH DATA ELEMENTS--GENERAL INFORMATION
fixed length control field 900315s1990 nyuc 001 0 eng
010 ## - LIBRARY OF CONGRESS CONTROL NUMBER
LC control number 90005851
020 ## - INTERNATIONAL STANDARD BOOK NUMBER
International Standard Book Number 1557040605 :
Terms of availability $14.95
040 ## - CATALOGING SOURCE
Original cataloging agency DLC
Transcribing agency DLC
Modifying agency DLC
050 00 - LIBRARY OF CONGRESS CALL NUMBER
Classification number JX1963
Item number .W713 1990
082 00 - DEWEY DECIMAL CLASSIFICATION NUMBER
Classification number 327.1/72
Edition number 20
300 ## - PHYSICAL DESCRIPTION
Other physical details ports ;
Dimensions 22 cm.
245 04 - TITLE STATEMENT
Title The Words of peace :
Remainder of title selections from the speeches of the winners of the Nobel Peace Prize /
Statement of responsibility, etc selected and edited by Irwin Abrams ; foreword by Jimmy Carter.
250 ## - EDITION STATEMENT
Edition statement 1st ed.
260 ## - PUBLICATION, DISTRIBUTION, ETC. (IMPRINT)
Place of publication, distribution, etc New York :
Name of publisher, distributor, etc Newmarket Press,
Date of publication, distribution, etc c1990.
300 ## - PHYSICAL DESCRIPTION
Extent 139 p. :
500 ## - GENERAL NOTE
General note Includes index.
650 #0 - SUBJECT ADDED ENTRY--TOPICAL TERM
Topical term or geographic name as entry element Peace.
9 (RLIN) 7603
650 #0 - SUBJECT ADDED ENTRY--TOPICAL TERM
Topical term or geographic name as entry element Peace
General subdivision Awards.
9 (RLIN) 7604
650 #0 - SUBJECT ADDED ENTRY--TOPICAL TERM
Topical term or geographic name as entry element Nobel Prizes.
9 (RLIN) 7605
650 #0 - SUBJECT ADDED ENTRY--TOPICAL TERM
Topical term or geographic name as entry element Nobel Prize winners.
9 (RLIN) 7606
700 1# - ADDED ENTRY--PERSONAL NAME
Personal name Abrams, Irwin,
Dates associated with a name 1914-2010.
9 (RLIN) 7607
906 ## - LOCAL DATA ELEMENT F, LDF (RLIN)
a 7
b cbc
c orignew
d 1
e ocip
f 19
g y-gencatlg
942 ## - ADDED ENTRY ELEMENTS (KOHA)
Source of classification or shelving scheme Library of Congress Classification
Koha item type Monograph ( Printed materials)
Holdings
Withdrawn status Lost status Source of classification or shelving scheme Damaged status Not for loan Collection code Home library Current library Shelving location Date acquired Total Checkouts Full call number Barcode Date last seen Price effective from Koha item type
    Library of Congress Classification     Main Collection ARRUPE LIBRARY ARRUPE LIBRARY Main Collection 31/01/2014   JX1963 .W713 1990 46411997 26/06/2018 31/01/2014 Monograph ( Printed materials)

 

Arrupe Library. PO Box MP320 Mt Pleasant, Harare, Zimbabwe
263 242 745411|librarian@aju.ac.zw